00499nam a2200181 a 4500001001300000003000900013005001700022008004100039020001000080082001700090100002300107245006100130260003000191300000800221500003500229650003000264700002300294nice12345678IN_TiNIC20260116012506.0070504s1982 dela grp 000 0 eng  ac10000a340.59bMUS5 aMuslehuddin Mohd,  aIslamic Jurisprudence and the Role of Necessity and Need aDelhibKitab Bhavanc1982 a69p aincludes index and biblioraphy aIslamic-Law Jurisprudence1 aMuslehuddin Mohd,